000 00360nam a2200133Ia 4500
008 240624s9999 xx 000 0 und d
041 _aeng
082 _a005.117 GRA
100 _aGRAESSLE PATRICK
245 _aUML 2 0 IN ACTION A PORJECT BASED TUTORI
260 _c2007
_aNew Delhi
_bPackt Publishing
300 _avii, : 229 : p. : cm. ; 25
365 _cRS
_b20
999 _c8631
_d8631